BIBLIOTHÈQUE DE LA MAISON DU MEXIQUE

Logo 1 Logo 2

Mayas (notice nᵒ 10966)

détails MARC
000 -Sello discográfico
campo de control de longitud fija 01169nam a2200349 4500
005 - Identificación de versión
campo de control 20260225120734.0
010 ## - Número Estándar Internacional de Libros (ISBN)
Número (ISBN) 978-3-8331-1959-0
099 ## - fechas locales
Tipo de ítem Koha LIBRO
100 ## - Datos de procesamiento general
Datos de procesamiento general 20040304d2006 m y1spay5003 ba
101 ## - Idioma del recurso
Idioma del texto, banda sonora, etc. Español; Castellano
Idioma de la obra original Alemán
105 ## - Campo de datos codificados: Material textual, monográfico
Datos codificados de monografía a 001zy
200 1# - Título y mención de responsabilidad
Título propio Mayas
Designación general del material texto impreso
Otra información del título una civilización milenaria
Primer mención de responsabilidad Edición Nikolai Grube
Número de una pieza colaboración Eva Eggebrecht y Matthias Seidel
210 ## - Publicación, distribución, etc.
Lugar de publicación, distribución, etc. Bonn
Nombre del editor, distribuidor, etc. Könemann, Tandem Verlag GmbH
Fecha de publicación, distribución, etc. 2006
215 ## - Descripción física
Designación de material específico y extensión del ítem 480 p
Otras características físicas principalmente fotos
Dimensiones 32 cm
318 ## - Nota de acción
Acción No se presta a domicilio
320 ## - Nota de índices/bibliografías internas
Texto de la nota Incluye índice onomástico
345 ## - Nota de información de adquisición
Fuente de adquisición/dirección de la suscripción [OBSOLETO] Donación Alain Le Gourriérec
454 #1 - Traducción de
Título Maya. Gottkönige im Regenwald
606 ## - Término temático usado como materia
Elemento de entrada Mayas
Subdivisión temática Antigüedades
Número Koha 940
606 ## - Término temático usado como materia
Elemento de entrada Mayas
Subdivisión temática Civilización
Número Koha 2924
660 ## - Código de área geográfica
Código MX
702 ## - Nombre personal - Responsabilidad secundaria
Elemento de entrada Eggebrecht
Parte del nombre distinta del elemento de entrada Eva
Número Koha 17553
702 ## - Nombre personal - Responsabilidad secundaria
Elemento de entrada Grube
Parte del nombre distinta del elemento de entrada Nikolai
Fechas 1962-
Número Koha 12434
702 ## - Nombre personal - Responsabilidad secundaria
Elemento de entrada Seidel
Parte del nombre distinta del elemento de entrada Matthias
Número Koha 17554
801 #0 - Fuente de origen
Agencia cm
900 ## -
-- 1/6828
900 ## -
-- 7100418591\040304
942 ## - ELEMENTOS DE ENTRADA SECUNDARIOS (KOHA)
Tipo de ítem Koha Livre
996 ## -
-- MEX
-- 751145101
-- MMAG
-- 001407
-- F972.011 M467G
-- 20200709LIV
Exemplaires
Estatus retirado Estado de daño Estado de pérdida Fecha de adquisición Biblioteca de origen Biblioteca actual Ubicación en estantería Código de barras Precio de reemplazo Signatura topográfica completa No para préstamo Tipo de ítem Koha Nota pública Nota no pública
      05/08/2025 Casa México Paris Casa México Paris   001407 05/08/2025 F972.011 M467G No se presta a domicilio Livre 20200709LIV 751145101